Применение математической статистики для решения инженерных задач: учебное пособие
| Main Author: | |
|---|---|
| Corporate Author: | |
| Summary: | Заглавие с титульного экрана Электронная версия печатной публикации В учебном пособии приведены необходимые сведения из теории вероятностей и математической статистики, применяемые для обработки результатов измерения. Рассмотрены основные положения теории оценивания и проверки статистических гипотез. Изложены основы корреляционного и регрессионного анализа. Подробно разобраны решения типовых задач, предложены задачи для самостоятельного решения. Предназначено для обучающихся по направлению подготовки бакалавров «Приборостроение» и других смежных направлений. Может быть рекомендовано для самостоятельной работы студентов. Режим доступа: из корпоративной сети ТПУ |
| Language: | Russian |
| Published: |
Томск, Изд-во ТПУ, 2022
|
| Subjects: | |
| Online Access: | https://www.lib.tpu.ru/fulltext2/m/2022/m17.pdf |
| Format: | Electronic Book |
| KOHA link: | https://koha.lib.tpu.ru/cgi-bin/koha/opac-detail.pl?biblionumber=347576 |
MARC
| LEADER | 00000nlm0a2200000 4500 | ||
|---|---|---|---|
| 001 | 347576 | ||
| 005 | 20231213153909.0 | ||
| 010 | |a 9785438710738 | ||
| 035 | |a (RuTPU)RU\TPU\book\379493 | ||
| 035 | |a RU\TPU\book\297187 | ||
| 090 | |a 347576 | ||
| 100 | |a 20220520d2022 m y0rusy50 ca | ||
| 101 | 0 | |a rus | |
| 102 | |a RU | ||
| 105 | |a a j 001zy | ||
| 135 | |a drcn ---uucaa | ||
| 181 | 0 | |a i | |
| 182 | 0 | |a b | |
| 200 | 1 | |a Применение математической статистики для решения инженерных задач |e учебное пособие |f Г. В. Вавилова |g Национальный исследовательский Томский политехнический университет, Инженерная школа неразрушающего контроля и безопасности, Отделение контроля и диагностики | |
| 203 | |a Текст |c электронный | ||
| 210 | |a Томск |c Изд-во ТПУ |d 2022 | ||
| 300 | |a Заглавие с титульного экрана | ||
| 300 | |a Электронная версия печатной публикации | ||
| 330 | |a В учебном пособии приведены необходимые сведения из теории вероятностей и математической статистики, применяемые для обработки результатов измерения. Рассмотрены основные положения теории оценивания и проверки статистических гипотез. Изложены основы корреляционного и регрессионного анализа. Подробно разобраны решения типовых задач, предложены задачи для самостоятельного решения. Предназначено для обучающихся по направлению подготовки бакалавров «Приборостроение» и других смежных направлений. Может быть рекомендовано для самостоятельной работы студентов. | ||
| 333 | |a Режим доступа: из корпоративной сети ТПУ | ||
| 452 | 1 | |0 (RuTPU)RU\TPU\book\379799 |y 978-5-4387-1073-8 |t Применение математической статистики для решения инженерных задач |o учебное пособие |f Г. В. Вавилова |g Национальный исследовательский Томский политехнический университет |c Томск |n Изд-во ТПУ |d 2022 |p 197 с. |a Вавилова, Галина Васильевна | |
| 606 | 1 | |a Математическая статистика |2 stltpush |3 (RuTPU)RU\TPU\subj\41210 |9 61018 | |
| 610 | 1 | |a электронный ресурс | |
| 610 | 1 | |a учебные пособия | |
| 610 | 1 | |a труды учёных ТПУ | |
| 610 | 1 | |a теория вероятностей | |
| 610 | 1 | |a случайные величины | |
| 610 | 1 | |a теория оценивания | |
| 610 | 1 | |a статистические гипотезы | |
| 610 | 1 | |a корреляционный анализ | |
| 610 | 1 | |a регрессионный анализ | |
| 610 | 1 | |a обработка результатов | |
| 610 | 1 | |a результаты измерений | |
| 610 | 1 | |a самостоятельные решения | |
| 675 | |a 519.22(075.8) |v 3 | ||
| 700 | 1 | |a Вавилова |b Г. В. |c специалист в области неразрушающего контроля |c заведующий лабораторией, доцент Томского политехнического университета, кандидат технических наук |f 1981- |g Галина Васильевна |3 (RuTPU)RU\TPU\pers\30684 |9 14964 | |
| 712 | 0 | 2 | |a Национальный исследовательский Томский политехнический университет |b Инженерная школа неразрушающего контроля и безопасности |b Отделение контроля и диагностики |3 (RuTPU)RU\TPU\col\23584 |
| 801 | 1 | |a RU |b 63413507 |c 20141030 | |
| 801 | 2 | |a RU |b 63413507 |c 20220926 |g RCR | |
| 856 | 4 | |u https://www.lib.tpu.ru/fulltext2/m/2022/m17.pdf | |
| 942 | |c CF | ||